000 01544cam a22004334i 4500
003 PE-LiUPU
005 20250731173129.0
008 150623s1994 mdu r 000 0 eng d
035 _a(Sirsi) a26245
040 _aPE-LiUPU
_bspa
_cPE-LiUPU
_erda
082 0 4 _a220.52
_bC29
_221
100 1 _asin autor,
_eautor.
130 _aBiblia.
_lInglés.
_f1994.
_sJack J. Blanco.
245 1 1 _a\
_aThe clear word :
_ban expanded paraphrase of the Bible to nurture Faith and growth /
_cJack J. Blanco.
250 _a2a Edición.
264 1 _aHagerstown, MD :
_bRieview and Herald Publishing Association,
_c1994.
300 _a1425 páginas ;
_c24 centímetros
336 _atext
_2rdacontent
337 _aunmediated
_2rdamedia
338 _avolume
_2rdacarrier
505 0 _aThe books of the Bible: the Old Testament -- The New Testament.
526 _aSEG42
526 _aSEG41
526 _aSEG40
526 _aSEG39
526 _aP94
526 _aP87
526 _aP86
526 _aP85
526 _aP77
526 _aP76
526 _aP35
630 _aBiblia.
_lInglés.
_f1994.
_sJack J. Blanco.
942 _2ddc
_cBOOK
949 _a220.52 C29
_wDEWEY
_c1
_i51531
_lCCODEBUL1
_mBUL
_p15.00
_r0
_sY
_tBOOK
_u2015-06-24
_xTEOLOGIA
_PP35
_0COMPRA
_o.STAFF. Colección Teología
596 _a1
999 _a220.52 C29
_wDEWEY
_c33255
_i51531
_f2021-11-9
_g5
_lCCODEBUL1
_mBUL
_p15.00
_r0
_sY
_tBOOK
_u2015-6-24
_xTEOLOGIA
_PP35
_0COMPRA
_o.STAFF. Colección Teología
_d33255
980 _81
_gALBERTO SANCHEZ Responsable de Automatización